| Tag |
First Indicator |
Second Indicator |
Subfields |
| LEADER |
00000cam a2200000 a 4500 |
| 001 |
in00001158021 |
| 005 |
20151001062508.0 |
| 008 |
930219s1993 ksua b 001 0deng |
| 010 |
|
|
|a 93000640
|
| 020 |
|
|
|a 0700606025 (hard : alk. paper)
|
| 035 |
|
|
|a (OCoLC)27725410
|
| 035 |
|
|
|9 AGD6026AM
|
| 040 |
|
|
|a DLC
|c DLC
|d TXA
|d UtOrBLW
|
| 043 |
|
|
|a n-us---
|
| 049 |
|
|
|a TXAM
|
| 050 |
0 |
0 |
|a PS2384.B3
|b G37 1993
|
| 082 |
0 |
0 |
|a 811/.3
|2 20
|
| 100 |
1 |
|
|a Garner, Stanton.
|
| 245 |
1 |
4 |
|a The Civil War world of Herman Melville /
|c Stanton Garner.
|
| 264 |
|
1 |
|a Lawrence, Kan. :
|b University Press of Kansas,
|c [1993]
|
| 264 |
|
4 |
|c ©1993
|
| 300 |
|
|
|a xii, 544 pages :
|b illustrations ;
|c 25 cm.
|
| 336 |
|
|
|a text
|b txt
|2 rdacontent
|
| 337 |
|
|
|a unmediated
|b n
|2 rdamedia
|
| 338 |
|
|
|a volume
|b nc
|2 rdacarrier
|
| 504 |
|
|
|a Includes bibliographical references (pages 513-524) and index.
|
| 600 |
1 |
0 |
|a Melville, Herman,
|d 1819-1891.
|t Battle-pieces and aspects of the war
|x Sources.
|
| 651 |
|
0 |
|a United States
|x History
|y Civil War, 1861-1865
|x Literature and the war.
|
| 600 |
1 |
0 |
|a Melville, Herman,
|d 1819-1891
|x Knowledge
|x History.
|
| 650 |
|
0 |
|a War poetry, American
|x History and criticism.
|
| 600 |
1 |
0 |
|a Melville, Herman,
|d 1819-1891
|x Poetic works.
|
| 650 |
|
0 |
|a Authors, American
|y 19th century
|v Biography.
|
| 999 |
|
|
|a MARS
|
| 999 |
f |
f |
|s 87d30e91-a807-30f0-a41c-d3c4b1b4d430
|i 2e0f4551-e235-3b61-9725-703a244c5d6f
|t 0
|
| 952 |
f |
f |
|p normal
|a Texas A&M University
|b College Station
|c Sterling C. Evans Library
|d Evans: Library Stacks
|t 0
|e PS2384.B3 G37 1993
|h Library of Congress classification
|i unmediated -- volume
|m A14817695229
|
| 952 |
f |
f |
|p ric
|a Texas A&M University
|b Rellis Campus
|c Joint Library Facility
|d Remote Storage
|t 0
|e PS2384.B3 G37 1993
|h Library of Congress classification
|i unmediated -- volume
|m A14820801279
|
| 998 |
f |
f |
|a PS2384.B3 G37 1993
|t 0
|l Remote Storage
|
| 998 |
f |
f |
|a PS2384.B3 G37 1993
|t 0
|l Evans: Library Stacks
|